Statystyki dla Coś Białego

Kliknij tutaj aby rozwiązać quiz!

Ogólne statystyki

  • Ten quiz został rozwiązany 464 razy
    (334 od ostatniego zresetowania)
  • Średni wynik to 3 z 11

Statystyki odpowiedzi

Odpowiedzi% Poprawnych
Śnieg
62%
Mleko
56%
Farba
37%
Ściana
36%
Mąka
20%
Flaga
19%
Koszula
15%
Prześcieradło
9%
Suknia Ślubna
8%
Chusteczka
6%
Kruk
5%

Rozkład punktacji

Percentyl według liczby udzielonych odpowiedzi

Procent ludzi z każdym wynikiem

Twoja historia wyników

Nie rozwiązałeś tego quizu od ostatniego zresetowania